000 01152cam a22002891i 4500
003 SA-RiAUC
005 20241027134604.0
008 241024s1971 ua f b 00100 ara c
040 _aSD-KhNU
_bara
_cSA-RiAUC
_erda
050 4 _b.H37 1971
082 0 4 _a251.17
_qSA-RiAUC
090 _a251.17
_bح س ا
100 1 _aحسان، حسين حامد،
_d1932-
_eمؤلف.
245 1 0 _aنظرية المصلحة في الفقه الإسلامي /
_cحسين حامد حسان.
264 1 _aالقاهرة :
_bدار النهضة العربية،
_c1971
300 _a623 صفحة ؛
_c24 سم
336 _aنص
_btxt
_2rdacontent
_3كتاب
337 _aبدون وسيط
_bn
_2rdamedia
338 _aمجلد
_bnc
_2rdacarrier
500 _aيشتمل على كشافات.
500 _aأصلا رسالة دكتوراه-كليةالشريعة والقانون-جامعة الأزهر.
650 7 _aالمصالح المرسلة (أصول فقه)
_2aucsh
650 7 _aأصول الفقه الإسلامي
_2aucsh
650 7 _aالفقه الإسلامي
_2aucsh
942 _2ddc
_cBOOK
_n0
949 _aSA-JeALM
_d241024
_ukhaled123
_n1
999 _c1763
_d1763